Ethnic groups in Algeria - Statistics

General Stats
  • This quiz has been taken 45 times
    14 since last reset
  • The average score is 5 of 12
Answer Stats
Family Population Ethnicity % Correct
Afroasiatic (Semitic) 28 million Arab
92%
Afroasiatic (Berber) 11 million Kabyle
69%
Altaic (Turkic) 1.74 million Turk
69%
Indo-European (Indo-Aryan) 2 k Roma
62%
Afroasiatic (Berber) 1.03 million Tuareg
46%
Afroasiatic (Berber) 3 million Chaoui
38%
Niger-Congo (Senegambian) 4 k Fulani
31%
Indo-European (Iranic) 9 k Kurd
31%
Afroasiatic (Berber) 300 k Mozabite
23%
Indo-European (Romance) 1.2 million Pied-Noir
15%
Nilo-Saharan (Songhay) 3 k Korandje
8%
Afroasiatic (Berber) 900 k Chenoua
0%
No matching quizzes found
Score Distribution
Percent of People with Each Score
Percentile by Number Answered
Your Score History
You have not taken this quiz since the last reset